00553nam a2200157 a 4500008004100000020001800041050001400059100001800073245014900091260004500240300002100285350000900306650004600315650002000361650001400381101103s2009 ||||||||||||||||| || u a9780199235278 aHD 75 Ind aCimoli, Mario10aIndustrial policy and development: the political economy of capabilities accumulationcedited by Mario Cimoli; Glovanni Dosi; Joseph E. Stiglitz aNew York:bOxford University Pressc2009 axix, 575p.: ill. a0.00 0aECONOMIC DEVELOPMENT--AFRICA, SUB-SAHARAN 0aECONOMIC POLICY 0aECONOMICS